Design of concrete airport pavement / (Record no. 548336)

000 -LEADER
fixed length control field 00495mam a2200145 a 4500
082 ## - DEWEY DECIMAL CLASSIFICATION NUMBER
Classification number 629.13634
Author Mark PAC
245 00 - TITLE STATEMENT
Title Design of concrete airport pavement /
Statement of responsibility, etc. Portland Cement Association.
260 ## - PUBLICATION, DISTRIBUTION, ETC.
Place of publication, distribution, etc. Chicago :
Name of publisher, distributor, etc. The Association,
Date of publication, distribution, etc. c1955.
300 ## - PHYSICAL DESCRIPTION
Extent Various paging. :
Other physical details ill., plans ;
Dimensions 28 cm.
526 ## - STUDY PROGRAM INFORMATION NOTE
Program name 0
Interest level 0
Reading level 0
Title point value 629_136340000000000_PAC
650 #0 - SUBJECT ADDED ENTRY--TOPICAL TERM
Topical term or geographic name entry element Pavements, Concrete.
9 (RLIN) 20053
650 #0 - SUBJECT ADDED ENTRY--TOPICAL TERM
Topical term or geographic name entry element Runways (Aeronautics)
9 (RLIN) 20858
710 2# - ADDED ENTRY--CORPORATE NAME
Corporate name or jurisdiction name as entry element Portland Cement Association.
9 (RLIN) 20051
942 ## - ADDED ENTRY ELEMENTS (KOHA)
Source of classification or shelving scheme
Koha item type Book
Holdings
Withdrawn status Lost status Source of classification or shelving scheme Damaged status Not for loan Permanent Location Current Location Date acquired Total Checkouts Full call number Barcode Date last seen Price effective from Koha item type
          Military College of Engineering (MCE) Military College of Engineering (MCE) 08/27/2014   629.13634 PAC MCE-41419 08/27/2014 08/27/2014 Book
© 2023 Central Library, National University of Sciences and Technology. All Rights Reserved.